| 000 | 00552nam a2200193Ia 4500 | ||
|---|---|---|---|
| 003 | GCL | ||
| 008 | 140319s9999 xx 000 0 ara d | ||
| 040 |
_aGCL / _cGCL |
||
| 082 | 0 | 4 |
_aط _b028.5 _bس م |
| 100 | 1 | _aداليا محمد ابراهيم | |
| 245 | 1 | 0 |
_aمتى ? / _cداليا محمد ابراهيم |
| 700 | 1 | _aسميث، كاتى | |
| 700 | 1 | _aستورمى، روبرت | |
| 300 | _a22 ص | ||
| 490 |
_aسلسلة لكل سؤال جواب _v0 |
||
| 650 | 0 | 4 | _aدوائر المعارف |
| 650 | 0 | 4 | _aالاطفال |
| 942 |
_2ddc _cBK |
||
| 999 |
_c49913 _d49913 |
||